000
00328nam a22001577a 4500
003
SGT
020
_a
9789394102545
082
_a
618.1
_b
G25S
100
_a
SHARMA, J.B.
245
_a
TB. OF GYNECOLOGY
250
_a
2ND
260
_a
INDIA
_b
ARYA PUB
_c
2025
300
_a
864
650
_a
OBST. & GYNE
942
_2
ddc
_c
BK
999
_c
30660
_d
30660